000 00603nam a2200217Ia 4500
005 20250508165233.0
008 008 250505s9999 xx 000 0 hin d
020 _a978-0-8204-7905-7
037 _aTextual
040 _aFEDL
_beng
_cFEDL
041 _ahin
_2eng
084 _a371.3, JAG
_qFEDL
100 _aJagdish Chander
245 0 _aShiksha ke siddhant evam shikshan vidhyan
260 _aDelhi, India
_bAnshah Publishing House
_c2010
300 _a231p.
365 _aINR
_b595
700 _a Gupta Suman
_9780239
942 _cTEXL
_h371.3, JAG
999 _c1393981
_d1393981